ბათუმის შოთა რუსთაველის სახელმწიფო უნივერსიტეტის ბიბლიოთეკა

ლაზურ-მეგრული გრამატიკა ტ. 1.მორფოლოგია (ბიბ.ჩანაწერი № 49207)

000 -LEADER
fixed length control field 01162nam a2200241Ia 4500
001 - CONTROL NUMBER
control field 16118
003 - CONTROL NUMBER IDENTIFIER
control field GE_BSU
008 - FIXED-LENGTH DATA ELEMENTS--GENERAL INFORMATION
fixed length control field 181216s||||||||xx |||||||||||||| ||und||
020 ## - INTERNATIONAL STANDARD BOOK NUMBER
International Standard Book Number 978-9941-10-971-3
040 ## - CATALOGING SOURCE
Transcribing agency GE_BSU
080 ## - UNIVERSAL DECIMAL CLASSIFICATION NUMBER
Universal Decimal Classification number 811.353.32
245 ## - TITLE STATEMENT
Title ლაზურ-მეგრული გრამატიკა ტ. 1.მორფოლოგია
245 ## - TITLE STATEMENT
Statement of responsibility, etc. ჭაბუკი ქირია, ლალი ეზუგბაია, ომარ მემიშიში, მერაბ ჩუხუა ; რედ. მერაბ ჩუხუა
260 ## - PUBLICATION, DISTRIBUTION, ETC.
Place of publication, distribution, etc. თბილისი
260 ## - PUBLICATION, DISTRIBUTION, ETC.
Name of publisher, distributor, etc. მერიდიანი
260 ## - PUBLICATION, DISTRIBUTION, ETC.
Date of publication, distribution, etc. 2015
300 ## - PHYSICAL DESCRIPTION
Extent 1072 გვ.. - რეზ. ინგლ.
300 ## - PHYSICAL DESCRIPTION
Accompanying material ბიბლიოგრ.: გვ. 934-1065
520 ## - SUMMARY, ETC.
Summary, etc. პროექტი განხორციელდა შოთა რუსთაველის ეროვნ. სამეცნ. ფონდის ფინანსური მხარდაჭერით.
653 ## - INDEX TERM--UNCONTROLLED
Uncontrolled term ლაზურ-მეგრული გრამატიკა
653 ## - INDEX TERM--UNCONTROLLED
Uncontrolled term მორფოლოგია
942 ## - ADDED ENTRY ELEMENTS (KOHA)
Koha item type წიგნი
ეგზემპლარები
Withdrawn status Lost status Damaged status Not for loan Date acquired Barcode Date last seen Price effective from Koha item type
        2018-12-17 39837 2018-12-17 2018-12-17 წიგნი